Szczegóły MARC21

Raporty Morskiego Instytutu Rybackiego.

001 -Numer kontrolny rekordu [,]
    • @
    • pole kontrolne
    • cc97206751
005 -Data i czas ostatniej zmiany [,]
    • @
    • Data ostatniej zmiany
    • 20250611190734.0
022 -Międzynarodowy Znormalizowany Numer Wydawnictwa Ciągłego - ISSN [ , ]
    • a
    • International Standard Serial Number
    • 1426-3645
035 -Inne numery kontrolne [ , ]
    • a
    • Numer kontrolny
    • (OCoLC)1423925161
040 -Instytucja sporządzająca opis [ , ]
    • a
    • Instytucja, która sporządziła opis (NP)
    • KR U/maj
    • c
    • Instytucja, która sporządziła rekord (NP)
    • KR U/maj
    • d
    • Instytucja, która zmodyfikowała rekord (P)
    • GD U/MF
041 -Język dokumentu [0, ]
    • a
    • Język tekstu (P)
    • polski
    • b
    • Język streszczeń(P)
    • eng
942 -Rodzaj dokumentu [ , ]
    • c
    • Rodzaj dokumentu
    • Wydaw. ciągłe w tym czasopisma
998 -Inne dane NUKAT [ , ]
    • a
    • Numer systemowy
    • vtls000034268
210 -Skrót tytułu [1, ]
    • a
    • Skrót tytułu
    • Rap. Mor. Inst. Ryb.
    • b
    • Dopowiedzenie
    • (1993)
222 -Tytuł kluczowy [ ,0]
    • a
    • Tytuł kluczowy
    • Raporty Morskiego Instytutu Rybackiego
    • b
    • Dopowiedzenie
    • (1993)
245 -Strefa tytułu i oznaczenia odpowiedzialności [0,0]
    • a
    • Tytuł
    • Raporty Morskiego Instytutu Rybackiego.
246 -Wariant tytułu [1,3]
    • a
    • Tytuł (NP)
    • Reports of the Sea Fisheries Institute
260 -Strefa adresu wydawniczego [ , ]
    • a
    • Miejsce wydania (P)
    • Gdynia :
    • b
    • Nazwa wydawcy (P)
    • MIR,
    • c
    • Data wydania (P)
    • 1995-.
300 -Strefa opisu fizycznego [ , ]
    • b
    • Oznaczenie ilustracji (NP)
    • mapy, wykresy ;
    • c
    • Format (NP)
    • 24 cm.
310 -Częstotliwość [ , ]
    • a
    • Częstotliwość
    • Rocz.
336 -Typ zawartości [ , ]
    • a
    • Termin opisujący typ zawartości
    • Tekst
    • b
    • Typ/rodzaj nośnika
    • txt
    • 2
    • Źródło (termin i kod)
    • rdacontent
337 -Typ mediów [ , ]
    • a
    • Tryb odtwarzania
    • Bez urządzenia pośredniczącego
    • b
    • Kod typu mediów
    • n
    • 2
    • Źródło (termin i kod)
    • rdamedia
338 -Typ/rodzaj nośnika [ , ]
    • a
    • Hasło opisujące typ nośnika
    • Wolumin
    • b
    • Kod typu nośnika
    • nc
    • 2
    • Źródło (termin i kod)
    • rdacarrier
362 -Strefa numeracji [0, ]
    • a
    • Strefa numeracji
    • 1993/1994-.
546 -Uwaga dot. języka [ , ]
    • a
    • Uwaga dot. języka
    • Streszcz. ang.
710 -Hasło dodatkowe - nazwa ciała zbiorowego [2, ]
    • a
    • Nazwa ciała zbiorowego lub nazwa geograficzna jako pierwszy element (NP)
    • Morski Instytut Rybacki.
780 -Tytuł poprzedni wydawnictwa [0,0]
    • t
    • Title
    • Annual Report - Sea Fisheries Institute Gdynia
    • g
    • Relationship information
    • 1988-1991/1992
    • x
    • International Standard Serial Number
    • 0867-0978
    • w
    • Record control number
    • (NUKAT)zz2007912959
952 -Egzemplarz [ , ]
    • a
    • Numer inwentarzowy
    • Blc.3683
    • c
    • Sygnatura
    • Blc.565
    • d
    • Lokalizacja
    • BG Dział Udostępniania Biblioteka Główna
    • i
    • Nr tomu wydaw.cg
    • 1993-1994 (1995)
    • p
    • Kod kreskowy
    • 2002800036836
    • r
    • Cena
    • 18.00
    • y
    • Status udostępniania
    • Tylko na miejscu
952 -Egzemplarz [ , ]
    • a
    • Numer inwentarzowy
    • Blc.5838
    • c
    • Sygnatura
    • Blc.565
    • d
    • Lokalizacja
    • BG Dział Udostępniania Biblioteka Główna
    • i
    • Nr tomu wydaw.cg
    • 1997 (1998)
    • p
    • Kod kreskowy
    • 2002800058388
    • r
    • Cena
    • 20.00
    • y
    • Status udostępniania
    • Tylko na miejscu
952 -Egzemplarz [ , ]
    • a
    • Numer inwentarzowy
    • Blc.6655
    • c
    • Sygnatura
    • Blc.565
    • d
    • Lokalizacja
    • BG Dział Udostępniania Biblioteka Główna
    • i
    • Nr tomu wydaw.cg
    • 1996 (1997)
    • p
    • Kod kreskowy
    • 2002800066550
    • r
    • Cena
    • 7.00
    • y
    • Status udostępniania
    • Tylko na miejscu